[Event "DEM U10 2023"]
[Site "Willingen GER"]
[Date "2023.06.03"]
[Round "11"]
[White "Li, Yunqi"]
[Black "Peglau, Paul David"]
[Result "1/2-1/2"]
[Termination "normal"]
[Board "1"]
[WhiteElo "1609"]
[BlackElo "1745"]
[WhiteClock "00:31:33"]
[BlackClock "00:27:55"]
[PlyCount "60"]
[WhiteFideId "34610618"]
[BlackFideId "16290550"]
[EventCountry "GER"]
[EventRounds "11"]
[EventType "swiss"]
[EventDate "2023.05.27"]

1. e4 {[%clk 01:15:56]} {[%emt 00:00:04]} c6 {[%clk 01:15:53]} {[%emt
00:00:09]} 2. d4 {[%clk 01:16:20]} {[%emt 00:00:05]} d5 {[%clk 01:16:16]}
{[%emt 00:00:06]} 3. exd5 {[%clk 01:16:44]} {[%emt 00:00:07]} cxd5 {[%clk
01:16:40]} {[%emt 00:00:06]} 4. c4 {[%clk 01:17:02]} {[%emt 00:00:11]} Nf6
{[%clk 01:17:04]} {[%emt 00:00:07]} 5. Nc3 {[%clk 01:17:23]} {[%emt 00:00:09]}
g6 {[%clk 01:17:26]} {[%emt 00:00:07]} 6. Qb3 {[%clk 01:17:46]} {[%emt
00:00:07]} Bg7 {[%clk 01:17:49]} {[%emt 00:00:07]} 7. cxd5 {[%clk 01:18:09]}
{[%emt 00:00:07]} O-O {[%clk 01:18:13]} {[%emt 00:00:06]} 8. Be2 {[%clk
01:17:13]} {[%emt 00:01:26]} Na6 {[%clk 01:18:34]} {[%emt 00:00:09]} 9. Bf3
{[%clk 01:17:20]} {[%emt 00:00:23]} Qb6 {[%clk 01:18:52]} {[%emt 00:00:13]} 10.
Qxb6 {[%clk 01:15:55]} {[%emt 00:01:53]} axb6 {[%clk 01:19:18]} {[%emt
00:00:06]} 11. Bg5 {[%clk 01:05:23]} {[%emt 00:11:01]} Nb4 {[%clk 01:17:53]}
{[%emt 00:01:56]} 12. Bxf6 {[%clk 00:57:40]} {[%emt 00:08:13]} Bxf6 {[%clk
01:17:09]} {[%emt 00:01:13]} 13. Be4 {[%clk 00:57:50]} {[%emt 00:00:20]} Bf5
{[%clk 01:13:16]} {[%emt 00:04:24]} 14. Bxf5 {[%clk 00:54:27]} {[%emt
00:03:53]} gxf5 {[%clk 01:13:44]} {[%emt 00:00:02]} 15. Kd2 {[%clk 00:49:40]}
{[%emt 00:05:16]} Bxd4 {[%clk 01:07:32]} {[%emt 00:06:43]} 16. Nge2 {[%clk
00:39:39]} {[%emt 00:10:31]} Bxc3+ {[%clk 01:04:45]} {[%emt 00:03:17]} 17. Nxc3
{[%clk 00:39:34]} {[%emt 00:00:35]} Rfd8 {[%clk 01:04:31]} {[%emt 00:00:44]}
18. Rhd1 {[%clk 00:36:04]} {[%emt 00:04:00]} Nxd5 {[%clk 01:01:13]} {[%emt
00:03:48]} 19. Nxd5 {[%clk 00:36:12]} {[%emt 00:00:21]} Rxd5+ {[%clk 01:01:31]}
{[%emt 00:00:13]} 20. Ke2 {[%clk 00:36:04]} {[%emt 00:00:38]} Rxd1 {[%clk
01:00:12]} {[%emt 00:01:49]} 21. Kxd1 {[%clk 00:36:27]} {[%emt 00:00:06]} Kg7
{[%clk 00:59:39]} {[%emt 00:01:03]} 22. a3 {[%clk 00:36:44]} {[%emt 00:00:14]}
Rc8 {[%clk 00:59:33]} {[%emt 00:00:36]} 23. Kd2 {[%clk 00:36:58]} {[%emt
00:00:16]} Kf6 {[%clk 00:59:39]} {[%emt 00:00:24]} 24. Re1 {[%clk 00:37:09]}
{[%emt 00:00:18]} e5 {[%clk 00:58:23]} {[%emt 00:01:46]} 25. Re3 {[%clk
00:37:25]} {[%emt 00:00:14]} Rg8 {[%clk 00:52:02]} {[%emt 00:06:50]} 26. g3
{[%clk 00:37:29]} {[%emt 00:00:27]} Rd8+ {[%clk 00:52:04]} {[%emt 00:00:28]}
27. Ke2 {[%clk 00:35:54]} {[%emt 00:02:05]} Rd6 {[%clk 00:50:05]} {[%emt
00:02:29]} 28. h4 {[%clk 00:33:13]} {[%emt 00:03:11]} e4 {[%clk 00:46:14]}
{[%emt 00:04:21]} 29. Rb3 {[%clk 00:32:32]} {[%emt 00:01:11]} Ke6 {[%clk
00:32:45]} {[%emt 00:13:59]} 30. Ke3 {[%clk 00:31:33]} {[%emt 00:01:29]} h5
{[%clk 00:27:55]} {[%emt 00:05:19]} 1/2-1/2

[Event "DEM U10 2023"]
[Site "Willingen GER"]
[Date "2023.06.03"]
[Round "11"]
[White "Tarasenko, Nazar"]
[Black "Pradeep, Harshill"]
[Result "1-0"]
[Termination "normal"]
[Board "2"]
[WhiteElo "1970"]
[BlackElo "1482"]
[WhiteClock "00:53:42"]
[BlackClock "00:27:06"]
[PlyCount "141"]
[WhiteFideId "34161430"]
[BlackFideId "34629513"]
[EventCountry "GER"]
[EventRounds "11"]
[EventType "swiss"]
[EventDate "2023.05.27"]

1. d4 {[%clk 01:15:59]} Nf6 {[%clk 01:15:53]} {[%emt 00:00:08]} 2. c4 {[%clk
01:16:24]} {[%emt 00:00:04]} c5 {[%clk 01:16:12]} {[%emt 00:00:11]} 3. d5
{[%clk 01:16:35]} {[%emt 00:00:19]} e6 {[%clk 01:16:37]} {[%emt 00:00:05]} 4.
Nc3 {[%clk 01:16:22]} {[%emt 00:00:43]} exd5 {[%clk 01:17:00]} {[%emt
00:00:08]} 5. cxd5 {[%clk 01:16:49]} {[%emt 00:00:03]} d6 {[%clk 01:17:13]}
{[%emt 00:00:16]} 6. e4 {[%clk 01:16:14]} {[%emt 00:01:05]} g6 {[%clk
01:17:18]} {[%emt 00:00:25]} 7. f4 {[%clk 01:15:13]} {[%emt 00:01:31]} Nbd7
{[%clk 01:14:28]} {[%emt 00:03:20]} 8. Nf3 {[%clk 01:15:17]} {[%emt 00:00:26]}
Bg7 {[%clk 01:14:41]} {[%emt 00:00:18]} 9. Bd3 {[%clk 01:14:59]} {[%emt
00:00:48]} O-O {[%clk 01:14:56]} {[%emt 00:00:15]} 10. O-O {[%clk 01:15:24]}
{[%emt 00:00:04]} Ne8 {[%clk 01:14:26]} {[%emt 00:01:01]} 11. Re1 {[%clk
01:15:08]} {[%emt 00:00:45]} Nc7 {[%clk 01:14:40]} {[%emt 00:00:16]} 12. e5
{[%clk 01:13:53]} {[%emt 00:01:45]} Nb6 {[%clk 01:14:23]} {[%emt 00:00:47]} 13.
Bc2 {[%clk 01:12:02]} {[%emt 00:02:21]} Bg4 {[%clk 01:14:18]} {[%emt 00:00:35]}
14. a4 {[%clk 01:11:32]} {[%emt 00:01:01]} dxe5 {[%clk 01:13:52]} {[%emt
00:00:55]} 15. d6 {[%clk 01:11:13]} {[%emt 00:00:49]} Ne6 {[%clk 01:13:51]}
{[%emt 00:00:31]} 16. fxe5 {[%clk 01:11:13]} {[%emt 00:00:30]} Nd7 {[%clk
01:12:40]} {[%emt 00:01:40]} 17. Qd5 {[%clk 01:08:55]} {[%emt 00:02:49]} Re8
{[%clk 01:08:04]} {[%emt 00:05:06]} 18. Bd1 {[%clk 01:07:08]} {[%emt 00:02:17]}
Bxf3 {[%clk 01:03:17]} {[%emt 00:05:18]} 19. Bxf3 {[%clk 01:06:53]} {[%emt
00:00:44]} Nd4 {[%clk 01:03:34]} {[%emt 00:00:12]} 20. Bf4 {[%clk 01:06:35]}
{[%emt 00:00:49]} Nc2 {[%clk 01:03:26]} {[%emt 00:00:38]} 21. Rac1 {[%clk
01:06:28]} {[%emt 00:00:37]} Nxe1 {[%clk 01:03:47]} {[%emt 00:00:10]} 22. Rxe1
{[%clk 01:06:09]} {[%emt 00:00:48]} Qh4 {[%clk 01:03:23]} {[%emt 00:00:52]} 23.
g3 {[%clk 01:01:24]} {[%emt 00:05:18]} Qd8 {[%clk 00:57:31]} {[%emt 00:06:20]}
24. h4 {[%clk 00:59:49]} {[%emt 00:02:06]} Qb6 {[%clk 00:56:36]} {[%emt
00:01:26]} 25. Nb5 {[%clk 00:58:05]} {[%emt 00:02:14]} Rad8 {[%clk 00:47:51]}
{[%emt 00:09:14]} 26. e6 {[%clk 00:53:36]} {[%emt 00:05:00]} fxe6 {[%clk
00:47:00]} {[%emt 00:01:21]} 27. Rxe6 {[%clk 00:53:59]} {[%emt 00:00:06]} Kh8
{[%clk 00:46:04]} {[%emt 00:01:25]} 28. Bg5 {[%clk 00:51:41]} {[%emt 00:02:48]}
Rc8 {[%clk 00:36:12]} {[%emt 00:10:23]} 29. Qxb7 {[%emt 00:07:26]} c4+ {[%clk
00:27:26]} {[%emt 00:09:11]} 30. Qxb6 {[%clk 00:42:40]} {[%emt 00:02:40]} Nxb6
{[%clk 00:27:11]} {[%emt 00:00:45]} 31. Rxe8+ {[%clk 00:42:55]} {[%emt
00:00:15]} Rxe8 {[%clk 00:27:34]} {[%emt 00:00:07]} 32. a5 {[%clk 00:43:17]}
{[%emt 00:00:08]} Nc8 {[%clk 00:19:50]} {[%emt 00:08:13]} 33. d7 {[%clk
00:43:27]} {[%emt 00:00:20]} Rf8 {[%clk 00:20:07]} {[%emt 00:00:14]} 34. d8=Q
{[%clk 00:43:22]} {[%emt 00:00:35]} Rxd8 {[%clk 00:20:31]} {[%emt 00:00:06]}
35. Bxd8 {[%clk 00:43:42]} {[%emt 00:00:10]} Bxb2 {[%clk 00:19:45]} {[%emt
00:01:16]} 36. Bd5 {[%clk 00:44:04]} {[%emt 00:00:08]} a6 {[%clk 00:19:48]}
{[%emt 00:00:28]} 37. Nc7 {[%clk 00:44:22]} {[%emt 00:00:10]} Bd4+ {[%clk
00:20:09]} {[%emt 00:00:11]} 38. Kg2 {[%clk 00:44:37]} {[%emt 00:00:14]} c3
{[%clk 00:19:39]} {[%emt 00:01:00]} 39. Bb3 {[%clk 00:44:38]} {[%emt 00:00:28]}
Nd6 {[%clk 00:19:13]} {[%emt 00:00:56]} 40. Nxa6 {[%clk 00:44:39]} {[%emt
00:00:30]} h6 {[%clk 00:19:29]} {[%emt 00:00:14]} 41. Bb6 {[%clk 00:44:47]}
{[%emt 00:00:22]} Be5 {[%clk 00:19:28]} {[%emt 00:00:30]} 42. Bc7 {[%clk
00:44:52]} {[%emt 00:00:25]} g5 {[%clk 00:18:56]} {[%emt 00:01:03]} 43. hxg5
{[%clk 00:45:08]} {[%emt 00:00:14]} hxg5 {[%clk 00:19:21]} {[%emt 00:00:05]}
44. Nc5 {[%clk 00:45:23]} {[%emt 00:00:15]} Nc4 {[%clk 00:19:22]} {[%emt
00:00:29]} 45. Bxe5+ {[%clk 00:45:20]} {[%emt 00:00:33]} Nxe5 {[%clk 00:19:37]}
{[%emt 00:00:15]} 46. a6 {[%clk 00:45:42]} {[%emt 00:00:09]} Nc6 {[%clk
00:19:47]} {[%emt 00:00:19]} 47. Ba4 {[%clk 00:45:46]} {[%emt 00:00:26]} Na7
{[%clk 00:20:08]} {[%emt 00:00:09]} 48. Ne4 {[%clk 00:46:08]} {[%emt 00:00:08]}
c2 {[%clk 00:20:27]} {[%emt 00:00:11]} 49. Bxc2 {[%clk 00:46:34]} {[%emt
00:00:04]} Kg7 {[%clk 00:20:52]} {[%emt 00:00:04]} 50. Nxg5 {[%clk 00:46:55]}
{[%emt 00:00:10]} Kf6 {[%clk 00:21:17]} {[%emt 00:00:05]} 51. Ne4+ {[%clk
00:47:18]} {[%emt 00:00:07]} Ke5 {[%clk 00:21:40]} {[%emt 00:00:07]} 52. g4
{[%clk 00:47:42]} {[%emt 00:00:06]} Kf4 {[%clk 00:22:04]} {[%emt 00:00:06]} 53.
Kh3 {[%clk 00:48:06]} {[%emt 00:00:05]} Ke5 {[%clk 00:22:26]} {[%emt 00:00:09]}
54. Kh4 {[%clk 00:48:28]} {[%emt 00:00:08]} Ke6 {[%emt 00:00:04]} 55. Kh5
{[%emt 00:00:13]} Kf7 {[%clk 00:22:34]} {[%emt 00:00:05]} 56. g5 {[%clk
00:48:48]} {[%emt 00:00:10]} Kg7 {[%clk 00:22:50]} {[%emt 00:00:13]} 57. Nd6
{[%clk 00:49:09]} {[%emt 00:00:09]} Kf8 {[%clk 00:23:12]} {[%emt 00:00:09]} 58.
g6 {[%clk 00:49:31]} {[%emt 00:00:07]} Kg8 {[%clk 00:23:23]} {[%emt 00:00:18]}
59. Nf5 {[%clk 00:49:47]} {[%emt 00:00:16]} Nc6 {[%clk 00:23:23]} {[%emt
00:00:30]} 60. Bb3+ {[%clk 00:50:03]} {[%emt 00:00:14]} Kf8 {[%clk 00:23:39]}
{[%emt 00:00:14]} 61. g7+ {[%clk 00:50:24]} {[%emt 00:00:40]} Ke8 {[%clk
00:24:00]} {[%emt 00:00:10]} 62. g8=Q+ {[%clk 00:50:42]} {[%emt 00:00:10]} Kd7
{[%clk 00:24:25]} {[%emt 00:00:06]} 63. Qf7+ {[%clk 00:51:02]} {[%emt
00:00:10]} Ne7 {[%clk 00:24:33]} {[%emt 00:00:23]} 64. Qxe7+ {[%clk 00:51:22]}
{[%emt 00:00:09]} Kc6 {[%clk 00:24:58]} {[%emt 00:00:05]} 65. Nd4+ {[%clk
00:51:45]} {[%emt 00:00:07]} Kb6 {[%clk 00:25:17]} {[%emt 00:00:12]} 66. Qd6+
{[%clk 00:52:07]} {[%emt 00:00:06]} Ka5 {[%clk 00:25:35]} {[%emt 00:00:13]} 67.
Qc7+ {[%clk 00:52:21]} {[%emt 00:00:17]} Kb4 {[%clk 00:25:57]} {[%emt
00:00:08]} 68. Qc4+ {[%clk 00:52:44]} {[%emt 00:00:06]} Ka3 {[%clk 00:26:21]}
{[%emt 00:00:07]} 69. Nb5+ {[%clk 00:52:50]} {[%emt 00:00:24]} Kb2 {[%clk
00:26:42]} {[%emt 00:00:08]} 70. Qc2+ {[%clk 00:53:15]} {[%emt 00:00:05]} Ka1
{[%clk 00:27:06]} {[%emt 00:00:06]} 71. Qa2# {[%clk 00:53:42]} {[%emt
00:00:03]} 1-0

[Event "DEM U10 2023"]
[Site "Willingen GER"]
[Date "2023.06.03"]
[Round "11"]
[White "Gersemann, Karl"]
[Black "Sheng, Ming"]
[Result "0-1"]
[Termination "normal"]
[Board "3"]
[WhiteElo "1751"]
[BlackElo "1675"]
[WhiteClock "00:45:45"]
[BlackClock "00:16:09"]
[PlyCount "80"]
[WhiteFideId "34602186"]
[BlackFideId "34605258"]
[EventCountry "GER"]
[EventRounds "11"]
[EventType "swiss"]
[EventDate "2023.05.27"]

1. e4 {[%clk 01:15:54]} {[%emt 00:00:05]} c6 {[%clk 01:15:54]} {[%emt
00:00:08]} 2. Nf3 {[%clk 01:16:05]} {[%emt 00:00:18]} d5 {[%clk 01:16:14]}
{[%emt 00:00:10]} 3. Nc3 {[%clk 01:16:23]} {[%emt 00:00:11]} Nf6 {[%clk
01:16:30]} {[%emt 00:00:14]} 4. Qe2 {[%clk 01:14:03]} {[%emt 00:02:50]} Bg4
{[%clk 01:09:58]} {[%emt 00:07:02]} 5. d3 {[%clk 01:14:14]} {[%emt 00:00:19]}
e6 {[%clk 01:08:08]} {[%emt 00:02:21]} 6. h3 {[%clk 01:13:46]} {[%emt
00:00:58]} Bxf3 {[%clk 01:06:57]} {[%emt 00:01:40]} 7. gxf3 {[%clk 01:12:38]}
{[%emt 00:01:39]} Bb4 {[%clk 01:04:30]} {[%emt 00:02:56]} 8. a3 {[%clk
01:10:11]} {[%emt 00:02:58]} Qa5 {[%clk 01:03:03]} {[%emt 00:01:55]} 9. Bd2
{[%clk 01:09:47]} {[%emt 00:00:55]} d4 {[%clk 01:02:29]} {[%emt 00:01:04]} 10.
Nb1 {[%clk 01:09:50]} {[%emt 00:00:27]} Bxd2+ {[%clk 01:01:51]} {[%emt
00:01:07]} 11. Nxd2 {[%clk 01:10:10]} {[%emt 00:00:10]} Nbd7 {[%clk 01:00:07]}
{[%emt 00:02:14]} 12. b4 {[%clk 01:08:29]} {[%emt 00:02:12]} Qc7 {[%clk
00:56:05]} {[%emt 00:04:30]} 13. Rg1 {[%clk 01:05:55]} {[%emt 00:03:05]} g6
{[%clk 00:55:19]} {[%emt 00:01:17]} 14. Nb3 {[%clk 01:04:28]} {[%emt 00:01:57]}
Qd6 {[%clk 00:51:31]} {[%emt 00:04:17]} 15. Na5 {[%clk 01:01:17]} {[%emt
00:03:42]} b5 {[%clk 00:45:12]} {[%emt 00:06:49]} 16. c4 {[%clk 00:59:56]}
{[%emt 00:01:51]} dxc3 {[%clk 00:44:12]} {[%emt 00:01:30]} 17. Rc1 {[%clk
00:59:23]} {[%emt 00:01:02]} c5 {[%clk 00:41:40]} {[%emt 00:03:03]} 18. Nb7
{[%clk 00:59:21]} {[%emt 00:00:33]} Qb6 {[%clk 00:41:48]} {[%emt 00:00:21]} 19.
Na5 {[%clk 00:55:51]} {[%emt 00:03:59]} cxb4 {[%clk 00:37:23]} {[%emt
00:04:55]} 20. axb4 {[%clk 00:55:59]} {[%emt 00:00:22]} Rc8 {[%clk 00:29:33]}
{[%emt 00:08:20]} 21. Qe3 {[%clk 00:53:56]} {[%emt 00:02:35]} Qd6 {[%clk
00:27:31]} {[%emt 00:02:31]} 22. Qxa7 {[%clk 00:50:27]} {[%emt 00:03:59]} Qxb4
{[%clk 00:24:56]} {[%emt 00:03:05]} 23. Qa6 {[%clk 00:49:37]} {[%emt 00:01:20]}
O-O {[%clk 00:22:15]} {[%emt 00:03:11]} 24. Nc6 {[%clk 00:47:09]} {[%emt
00:02:58]} Qc5 {[%clk 00:19:54]} {[%emt 00:02:43]} 25. d4 {[%clk 00:43:36]}
{[%emt 00:04:11]} Rxc6 {[%clk 00:15:18]} {[%emt 00:05:06]} 26. dxc5 {[%clk
00:44:03]} {[%emt 00:00:02]} Rxa6 {[%clk 00:15:40]} {[%emt 00:00:10]} 27. Bxb5
{[%clk 00:44:24]} {[%emt 00:00:09]} Ra5 {[%clk 00:15:53]} {[%emt 00:00:15]} 28.
Bxd7 {[%clk 00:44:09]} {[%emt 00:00:45]} Nxd7 {[%clk 00:16:23]} {[%emt
00:00:02]} 29. c6 {[%clk 00:44:09]} {[%emt 00:00:29]} Ne5 {[%clk 00:16:47]}
{[%emt 00:00:06]} 30. Ke2 {[%clk 00:44:30]} {[%emt 00:00:09]} Rc5 {[%clk
00:16:29]} {[%emt 00:00:46]} 31. Rg5 {[%clk 00:44:39]} {[%emt 00:00:22]} f6
{[%clk 00:16:47]} {[%emt 00:00:13]} 32. Rg3 {[%clk 00:45:02]} {[%emt 00:00:05]}
Nxc6 {[%clk 00:16:29]} {[%emt 00:00:50]} 33. f4 {[%clk 00:45:22]} {[%emt
00:00:09]} c2 {[%clk 00:16:32]} {[%emt 00:00:28]} 34. f5 {[%clk 00:45:33]}
{[%emt 00:00:19]} exf5 {[%clk 00:15:48]} {[%emt 00:01:14]} 35. exf5 {[%clk
00:45:55]} {[%emt 00:00:09]} Rxf5 {[%clk 00:16:09]} {[%emt 00:00:08]} 36. Rc3
{[%clk 00:46:15]} {[%emt 00:00:09]} Nb4 {[%clk 00:15:51]} {[%emt 00:00:48]} 37.
Rb3 {[%clk 00:46:27]} {[%emt 00:00:17]} Rf4 {[%clk 00:15:57]} {[%emt 00:00:25]}
38. Ke3 {[%clk 00:45:35]} {[%emt 00:01:23]} g5 {[%clk 00:15:55]} {[%emt
00:00:31]} 39. Rg1 {[%clk 00:45:29]} {[%emt 00:00:36]} Re8+ {[%clk 00:15:53]}
{[%emt 00:00:32]} 40. Kd2 {[%clk 00:45:45]} {[%emt 00:00:13]} Rxf2+ {[%clk
00:16:09]} {[%emt 00:00:16]} 0-1